| 000 | 00000nam##2200000za#4500 |
| 001 | 9.643601 |
| 003 | CaOODSP |
| 005 | 20230331142514 |
| 007 | cr ||||||||||| |
| 008 | 150407|2012||||xxc|||||o f|0| 0 fre|d |
| 040 | |aCaOODSP|bfre |
| 043 | |an-cn--- |
| 086 | 1 |aH128-1/06-465-2012F-PDF |
| 110 | 1 |aCanada.|bSanté Canada. |bSécurité des produits de consommation. |
| 245 | 10|aLes piles - pour les utiliser en toute sécurité |h[ressource électronique] |
| 260 | |aOttawa - Ontario : |bSanté Canada. |c[2012]. |
| 300 | |a1p.|bphotographies |
| 590 | |a14-14-Supp|b2014-07-24 |
| 691 | 07|aSécurité de l'enfant|2gcpds |
| 775 | 08|tBatteries - use them safely |w(CaOODSP)9.699624 |
| 795 | |tLes piles - pour les utiliser en toute sécurité |w(CaOODSP)9.633246 |
| 856 | 40|ahttp://publications.gc.ca|qPDF|s491 Ko|uhttps://publications.gc.ca/collections/collection_2014/sc-hc/H128-1-06-465-2012-fra.pdf |
| 986 | |aSC Pub. : 120076 |